000 00618nam a2200229Ia 4500
003 OSt
005 20220918205643.0
006 a|||||r|||| 00| 0
007 ta
008 220917b |||||||| |||| 00| 0 eng d
024 _a117,387
037 _cTextual
040 _aARTS
_cARTS
_beng
041 _2eng
_aeng
082 _aV65:1:N7, K71
100 _aHargreaves John D
_9114217
245 0 _aWest Africa
_b The former french states
260 _aNew Jersey
_bPrentice-Hall
_c1967
650 _aHISTORY
942 _hV65:1:N7, K71
_cTEXL
_2CC
999 _c240669
_d240669